DEVELOPING YOUR THEORETICAL ORIENTATION (Record no. 19590)
[ view plain ]
| 000 -LEADER | |
|---|---|
| fixed length control field | 00369nam a2200145Ia 4500 |
| 008 - FIXED-LENGTH DATA ELEMENTS--GENERAL INFORMATION | |
| fixed length control field | 240624s9999 xx 000 0 und d |
| 041 ## - LANGUAGE CODE | |
| Language code of text/sound track or separate title | eng |
| 082 ## - DEWEY DECIMAL CLASSIFICATION NUMBER | |
| Classification number | 158.3 HAL |
| 100 ## - MAIN ENTRY--PERSONAL NAME | |
| Personal name | HALBUR DUANE A |
| 245 ## - TITLE STATEMENT | |
| Title | DEVELOPING YOUR THEORETICAL ORIENTATION |
| 250 ## - EDITION STATEMENT | |
| Edition statement | (2nd ed.) |
| 260 ## - PUBLICATION, DISTRIBUTION, ETC. | |
| Date of publication, distribution, etc. | 2011 |
| Place of publication, distribution, etc. | Boston |
| Name of publisher, distributor, etc. | Pearson |
| 300 ## - PHYSICAL DESCRIPTION | |
| Extent | xiv, : 114 : p. : cm. ; 23 |
| 365 ## - TRADE PRICE | |
| Currency code | |
| Price amount | 25 |
| Withdrawn status | Lost status | Damaged status | Not for loan | Home library | Current library | Shelving location | Date acquired | Source of acquisition | Cost, normal purchase price | Full call number | Barcode | Date last seen | Copy number | Price effective from | Koha item type |
|---|---|---|---|---|---|---|---|---|---|---|---|---|---|---|---|
| IMTN | IMTN | Rack 1-B | 09/27/2012 | AP | 43.00 | 158.3 HAL | 19590 | 06/24/2024 | 58.6 | 06/24/2024 | Books |